| 000 | 01144nam a22002897a 4500 | ||
|---|---|---|---|
| 999 |
_c113675 _d113675 |
||
| 003 | dpl | ||
| 005 | 20190207151359.0 | ||
| 008 | 190207b ||||| |||| 00| 0 eng d | ||
| 010 | _aA-989997 | ||
| 020 |
_c150.00 _a8170556767 |
||
| 035 | _aA-989997, A-990001 | ||
| 037 | _bCen Lib/Ret | ||
| 040 |
_aDPL _bHN _c0 |
||
| 082 |
_a821 _bफ़िराक |
||
| 100 |
_aफ़िराक गोरखपूरी _953365 |
||
| 245 |
_aराग विराग / _cफ़िराक गोरखपूरी |
||
| 246 |
_aRag virag _bby Firak Gorakhpuri |
||
| 260 |
_aनई दिल्ली _bवाणी प्रकाशन _c1999 |
||
| 270 |
_a21-ए ,दरिया गंज _b नई दिल्ली _e110002 |
||
| 300 |
_a183पृष्ठ. _c20सेमी(सजिल्द) |
||
| 650 |
_aहिंदी साहित्य _953366 |
||
| 650 |
_aउर्दू प्रबन्ध काव्य _953367 |
||
| 650 |
_aHindi Literature _953368 |
||
| 650 |
_aUrdu Poetry Stewardship _953369 |
||
| 700 |
_aमायाराम _953319 |
||
| 942 |
_2ddc _cHN _h821 _mफ़िराक |
||